College Football Playoff Quarterbacks - Statistics

General Stats
  • This quiz has been taken 250 times
  • The average score is 38 of 52
Answer Stats
Year Team Player % Correct
2023 Michigan J.J. McCarthy
94%
2022 Michigan J.J. McCarthy
94%
2021 Michigan J.J. McCarthy
94%
2024 Texas Quinn Ewers
93%
2023 Texas Quinn Ewers
93%
2019 LSU Joe Burrow
92%
2020 Clemson Trevor Lawrence
91%
2019 Clemson Trevor Lawrence
91%
2018 Clemson Trevor Lawrence
91%
2024 Oregon Dillon Gabriel
90%
2019 Oklahoma Jalen Hurts
89%
2017 Alabama Jalen Hurts
89%
2016 Alabama Jalen Hurts
89%
2023 Washington Michael Penix Jr.
89%
2024 Ohio State Will Howard
85%
2022 Ohio State C.J. Stroud
84%
2020 Alabama Mac Jones
84%
2018 Alabama Tua Tagovailoa
84%
2023 Alabama Jalen Milroe
83%
2017 Oklahoma Baker Mayfield
82%
2015 Oklahoma Baker Mayfield
82%
2016 Clemson Deshaun Watson
82%
2015 Clemson Deshaun Watson
82%
2020 Ohio State Justin Fields
82%
2019 Ohio State Justin Fields
82%
2021 Alabama Bryce Young
80%
2014 Ohio State Cardale Jones
80%
2024 Penn State Drew Allar
80%
2022 Georgia Stetson Bennett
80%
2021 Georgia Stetson Bennett
80%
2024 Notre Dame Riley Leonard
79%
2024 Clemson Cade Klubnik
78%
2014 Florida State Jameis Winston
76%
2018 Oklahoma Kyler Murray
75%
2014 Oregon Marcus Mariota
75%
2022 TCU Max Duggan
71%
2024 Georgia Gunnar Stockton
69%
2021 Cincinnati Desmond Ridder
68%
2024 Arizona State Sam Leavitt
68%
2024 Tennessee Nico Iamaleava
62%
2024 SMU Kevin Jennings
56%
2024 Indiana Kurtis Rourke
53%
2016 Ohio State J.T. Barrett
51%
2020 Notre Dame Ian Book
50%
2018 Notre Dame Ian Book
50%
2017 Georgia Jake Fromm
48%
2024 Boise State Maddux Madsen
40%
2015 Michigan State Connor Cook
37%
2016 Washington Jake Browning
36%
2015 Alabama Jake Coker
33%
2017 Clemson Kelly Bryant
33%
2014 Alabama Blake Sims
30%
No matching quizzes found
Score Distribution
Percent of People with Each Score
Percentile by Number Answered
Your Score History
You have not taken this quiz